Word Ladder: St. Patrick's Day Quiz Stats

Quiz Updated Mar 17, 2015

Challenge
Share
Tweet
Embed
Score 0/38 Timer 04:00
0 Plays Today
Clue 5-Letter Rung % Correct
♣ Saint Patrick's Day nationality ♣IRISH
98%
♣ State after consuming too much whiskey ♣DRUNK
93.1%
Front of an elephant or back of a car (US)TRUNK
92.2%
Rotten kidsBRATS
89.7%
Highway haulerTRUCK
89.5%
BeverageDRINK
89.3%
The English, informallyBRITS
88.4%
Trombone sectionBRASS
87.9%
Lee, Wayne, or Willis, e.g.BRUCE
86.4%
Pickling liquidBRINE
85.4%
Extreme edgeBRINK
85.3%
Peace offeringTRUCE
85%
Lite _____: Classic Hasbro toyBRITE
84.9%
Lose a staring contestBLINK
83.4%
Foul odorSTINK
83.3%
♣ Holiday color scheme choice ♣GREEN
83.1%
Window coveringBLIND
81.7%
One of the deadly sinsGREED
80.7%
♣ Animal driven out by Saint Patrick ♣SNAKE
80.4%
Clue 5-Letter Rung % Correct
''Goosebumps'' author R.L. _____STINE
80.2%
Offensively bold and impulsiveBRASH
79.9%
Move stealthilySLINK
79.8%
MixBLEND
79.6%
Barbershop requestSHAVE
77.7%
♣ Blarney boulder ♣STONE
77.3%
Vampire's undoingSTAKE
76.5%
Divvy upSHARE
75.7%
Catch in a trapSNARE
75.6%
Run, as a dyeBLEED
75.5%
Feed, as a fireSTOKE
74.8%
Support beamBRACE
74%
Alternate nickname for PattyTRISH
73.9%
BloodlineBREED
73.1%
RefuseTRASH
72.9%
Underground Railroad ''passenger''SLAVE
72.6%
2012 Pixar filmBRAVE
58.8%
Have to haveCRAVE
50.2%
Wooden stick used as a percussion instrumentCLAVE
46%

Today's Daily Dose

You're not logged in!

Compare scores with friends on all Sporcle quizzes.
Join for Free
OR
Log In

You Might Also Like...

Show Comments

Extras

Top Quizzes Today


Score Distribution

Your Account Isn't Verified!

In order to create a playlist on Sporcle, you need to verify the email address you used during registration. Go to your Sporcle Settings to finish the process.

Report this User

Report this user for behavior that violates our Community Guidelines.

Details: